Normal view MARC view

Entry Personal Name

Number of records used in: 5

001 - CONTROL NUMBER

  • control field: 1238018

003 - CONTROL NUMBER IDENTIFIER

  • control field: OSt

005 - DATE AND TIME OF LATEST TRANSACTION

  • control field: 20260430150622.0

008 - FIXED-LENGTH DATA ELEMENTS

  • fixed length control field: 260430|| aca||aabn | a|a d

040 ## - CATALOGING SOURCE

  • Original cataloging agency: OSt
  • Transcribing agency: OSt

100 ## - HEADING--PERSONAL NAME

  • Personal name: University of Delhi. Fculty of Education. Deptt. of Education

670 ## - SOURCE DATA FOUND

  • Source citation: Work cat.: (OSt)1850224: Sharma Pooja Au.; Sunil Kumar Gu.; Chennat Sailaja Gu. 1238017, Role of Stakeholders in Inclusive Education of Students with Disabilities: An Exploratory Study, 2024
Copyright @ Delhi University Library System